[Event "ch-TUR"]
[Site "Ankara TUR"]
[Date "2002.07.27"]
[Round "7"]
[White "Can,E"]
[Black "Ipek,A"]
[Result "1-0"]
[WhiteElo "2014"]
[BlackElo "2266"]

1.e4 c5 2.Nf3 d6 3.Bb5+ Bd7 4.Bxd7+ Qxd7 5.O-O Nc6 6.c3 Nf6 7.d4 e6 8.d5 Ne5
9.dxe6 Nxf3+ 10.Qxf3 fxe6 11.Bg5 Be7 12.e5 dxe5 13.Rd1 Qc6 14.Qxc6+ bxc6
15.Nd2 h6 16.Bh4 O-O-O 17.Bg3 e4 18.Nc4 Rd5 19.Kf1 Rhd8 20.Ke2 g5 21.Na5 Rxd1
22.Rxd1 Rxd1 23.Kxd1 Kd7 24.Ke2 h5 25.Nc4 h4 26.Bb8 Kc8 27.Bd6 Bxd6 28.Nxd6+ Kd7
29.Nb7 e5 30.Ke3 Ke6 31.Nxc5+ Kd5 32.Nxe4 Nxe4 33.c4+ Kxc4 34.Kxe4 a5 35.g3 hxg3
36.fxg3 g4 37.Kxe5 c5 38.b3+ Kb4 39.Kd5 Ka3 40.Kxc5 Kxa2 41.b4 a4 42.b5 a3
43.b6 Ka1 44.b7 a2 45.b8=B Kb1 46.Be5 Kc2 47.Kd5 Kd3 48.Ke6  1-0

[Event "4th Stage Russian Cup"]
[Site "Samara RUS"]
[Date "2002.07.27"]
[Round "2"]
[White "Alavkin,A"]
[Black "Loskutov,O"]
[Result "1-0"]
[WhiteElo "2498"]
[BlackElo "2406"]

1.e4 c5 2.Nf3 d6 3.Bb5+ Bd7 4.Bxd7+ Nxd7 5.O-O Ngf6 6.Qe2 e6 7.b3 Be7 8.Bb2 O-O
9.c4 a6 10.d4 cxd4 11.Nxd4 Rc8 12.Nc3 Qa5 13.Rad1 Ne8 14.Kh1 Bf6 15.f4 Nc7
16.Na4 Ne8 17.e5 Be7 18.Ba3 Nc5 19.exd6 Bxd6 20.Bxc5 Rxc5 21.Nxc5 Qxc5 22.Rd3 Bc7
23.Qe4 Nd6 24.Qe5 Qa3 25.Qe2 Qa5 26.Nf3 Re8 27.Rfd1 Nf5 28.Qe4 h6 29.Rd7 Qb6
30.Ne5 Rf8 31.R7d3 Re8 32.Rd7 Rf8 33.Qf3 Ne3 34.Rc1 Bxe5 35.fxe5 Qc5 36.b4 Qa7
37.Qxb7  1-0

[Event "4th Stage Russian Cup"]
[Site "Samara RUS"]
[Date "2002.07.27"]
[Round "2"]
[White "Frolov,D"]
[Black "Askarov,M"]
[Result "1/2-1/2"]
[WhiteElo "2459"]
[BlackElo "2242"]

1.e4 c5 2.Nf3 d6 3.Bb5+ Bd7 4.Bxd7+ Qxd7 5.c4 Nc6 6.Nc3 Nd4 7.Nxd4 cxd4 8.Nb5 e5
9.O-O a6 10.Na3 g6 11.f4 exf4 12.d3 Bg7 13.Bxf4 Nf6 14.Bxd6 Qxd6 15.e5 Qe7
16.exf6 Bxf6 17.Qa4+ b5 18.cxb5 O-O 19.Rae1 Qd8 20.bxa6 Bg5 21.Nc4 Qc8 22.Qb5 h6
23.a3 Rxa6 24.Qd5 Qc7 25.Qxd4 Rd8 26.Qg4 Rxd3 27.Re8+ Kg7 28.Qe4 Qa7+ 29.Kh1 Rd4
30.Qe2 Qd7 31.Re4 Rxe4 32.Qxe4 Re6 33.Qf3 Rf6 34.Qc3 Kh7 35.Re1 Rf2 36.Ne5 Qd5
37.Nf3 Bd2 38.Qe5 Qb3 39.Nxd2 Rxd2 40.h3 Qxb2 41.Qxb2 Rxb2 42.Ra1 Rb5 43.a4 Ra5
44.Kh2 Kg7 45.Kg3 Kf6 46.Kf4 Ke6 47.Ke4 Kd6 48.Kd4 Kc6 49.Kc4 Kb6 50.Rb1+ Ka6
51.Rf1 Rxa4+ 52.Kb3 Rd4 53.Rxf7 Rd6 54.Kc4 Kb6 55.h4 h5 56.Rg7 Kc6 57.g3 Kb6
58.Re7 Kc6 59.Re5 Kb6 60.Rd5 Kc6 61.Rc5+ Kb6 62.Re5 Kc6 63.Rg5 Kb6 64.Rb5+ Kc6
65.Ra5 Kb6 66.Ra8 Kb7 67.Rh8 Kb6 68.Rh7 Kc6 69.Rh6 Kb6  1/2-1/2

[Event "ch-TUR"]
[Site "Ankara TUR"]
[Date "2002.07.28"]
[Round "9"]
[White "Reyhan,D"]
[Black "Erdogan,H"]
[Result "0-1"]
[WhiteElo "2082"]
[BlackElo "2218"]

1.e4 c5 2.Nf3 d6 3.Bb5+ Bd7 4.Bxd7+ Qxd7 5.O-O Nf6 6.e5 dxe5 7.Nxe5 Qc7 8.d4 e6
9.Bf4 Qd8 10.Qe2 cxd4 11.Qb5+ Nbd7 12.Qxb7 Bc5 13.Nxd7 Nxd7 14.Nd2 O-O 15.Nb3 Bb6
16.Rfe1 Re8 17.Re2 Qc8 18.Qf3 e5 19.Rae1 f6 20.Bc1 Nf8 21.Kh1 Ng6 22.a4 Rf8
23.a5 Bc7 24.c3 dxc3 25.Rc2 cxb2 26.Bxb2 Qb8 27.Nc5 Qb4 28.Re4 Qb5 29.Rec4 Bxa5
30.Ne6 Rfe8 31.h4 Rab8 32.Nc7 Bxc7 33.Rxc7 Nxh4 34.Qg4 Ng6 35.Rxa7 f5 36.Qg5 Rb6
37.Rcc7 Ne7 38.Rxe7 Rxe7 39.Ra8+ Re8  0-1

[Event "2nd Summer Open"]
[Site "Savaria HUN"]
[Date "2002.07.28"]
[Round "4"]
[White "Mar,K"]
[Black "Tomasic,R"]
[Result "0-1"]
[WhiteElo "2210"]
[BlackElo "2048"]

1.e4 c5 2.Nf3 d6 3.Bb5+ Nd7 4.c3 Qc7 5.O-O Nf6 6.Qe2 a6 7.Ba4 c4 8.d4 cxd3
9.Qxd3 b5 10.Bc2 Bb7 11.Nbd2 Nc5 12.Qe2 e5 13.Ne1 Qc6 14.f3 Be7 15.Nb3 Ne6
16.Kh1 Bd8 17.Nd3 a5 18.Rd1 O-O 19.Nf2 a4 20.Nd2 Nf4 21.Qe1 a3 22.Nd3 Nxd3
23.Bxd3 axb2 24.Bxb2 Nh5 25.Nf1 Bb6 26.Ne3 Bxe3 27.Qxe3 Nf4 28.Bc2 Rfd8 29.Bb3 Qc5
30.Qe1 Qc7 31.Bc1 Ng6 32.Be3 h6 33.Rd3 Ba6 34.Bd5 Rac8 35.Rc1 Ne7 36.Bb3 Qc6
37.Qd1 Rc7 38.Rd2 Rcd7 39.Bd5 Nxd5 40.Rxd5 Qc4 41.Qb3 Qe2 42.Bg1 g5 43.Qc2 Qc4
44.Qb3 Qc6 45.Qd1 Bb7 46.Qb3 Ba6 47.Qd1 Rf8 48.Qe1 Qc4 49.Qd2 Qc7 50.Qd3 Re8
51.Qd2 Re6 52.Rd1 Rg6 53.Rxe5 Re7 54.Rxe7 Qxe7 55.Qd5 Bb7 56.Qxb5 g4 57.Rb1 gxf3
58.gxf3 Bxe4 59.Rf1 Bb7 60.Qd3 Qg5 61.Qe2 Ba6 62.Qf2 Bxf1 63.Qxf1 Qd2 64.a4 Qxc3
65.Qe2 Qc6 66.a5 d5 67.Qd3 Qc1 68.Qe3 Qxe3 69.Bxe3 Kf8 70.h4 h5 71.Kh2 Ke8
72.Bf2 Kd7 73.Bd4 Kc7 74.Bc5 Kc6 75.Bd4 Kb5 76.Bc3 Kc4 77.Bd2 Kd3  0-1

[Event "Lost Boys Open"]
[Site "Amsterdam NED"]
[Date "2002.07.29"]
[Round "4"]
[White "Van Wessel,R"]
[Black "Berkvens,J"]
[Result "1-0"]
[WhiteElo "2360"]
[BlackElo "2467"]

1.e4 c5 2.Nf3 d6 3.Bb5+ Bd7 4.Bxd7+ Qxd7 5.O-O Nf6 6.Re1 Nc6 7.c4 Ne5 8.d3 Nxf3+
9.Qxf3 g6 10.e5 dxe5 11.Rxe5 Bg7 12.Rxc5 O-O 13.Nc3 Rfd8 14.Bf4 Qxd3 15.Qxb7 Nh5
16.Bc7 Bxc3 17.Rd5  1-0

[Event "7th Open"]
[Site "Creon FRA"]
[Date "2002.07.29"]
[Round "2"]
[White "Maghrabi,Y"]
[Black "Cornette,M"]
[Result "1/2-1/2"]
[WhiteElo "2074"]
[BlackElo "2355"]

1.e4 c5 2.Nf3 d6 3.Bb5+ Nd7 4.d4 cxd4 5.Qxd4 a6 6.Bxd7+ Qxd7 7.O-O Nf6 8.Nc3 e5
9.Qd3 b5 10.b3 Bb7 11.Ba3 Rc8 12.Bb4 Be7 13.Rfe1 O-O 14.a4 Rfd8 15.axb5 axb5
16.Ra7 Ra8 17.Rxa8 Bxa8 18.Nd2 Bc6 19.Nf1 Qb7 20.f3 Nh5 21.Ne3 Qb6 22.Kh1 Nf4
23.Qd1 Bg5 24.Ncd5 Qb7 25.Nxf4 Bxf4 26.Nd5 Bg5 27.Qd3 g6 28.Rd1 Rd7 29.g3 Bd8
30.Kg2 Qc8 31.Qc3 Qb7 32.Qd3 Qc8 33.Qc3 Qb7  1/2-1/2

[Event "2nd Summer Open"]
[Site "Savaria HUN"]
[Date "2002.07.29"]
[Round "5"]
[White "Dovzik,J"]
[Black "Gruskovnjak,T"]
[Result "1/2-1/2"]
[WhiteElo "2399"]
[BlackElo "2282"]

1.e4 c5 2.Nf3 d6 3.Bb5+ Bd7 4.Bxd7+ Qxd7 5.c4 Nc6 6.Nc3 Nf6 7.d4 cxd4 8.Nxd4 e6
9.O-O Be7 10.Re1 O-O 11.b3 Rfd8 12.Bb2 a6 13.Na4 Qc7 14.Rc1 Nd7 15.a3 Nxd4
16.Bxd4 Bf6 17.b4 Bxd4 18.Qxd4 Qc6 19.Nb2 Rac8 20.Red1 Nf6 21.f3 h6 22.Qe3 Nd7
23.h3 a5 24.Kh1 axb4 25.axb4 Nb6 26.Qd4 Rd7 27.Kg1 Qc7 28.Rd3 Ra8 29.Qc3 Na4
30.Nxa4 Rxa4 31.Rb1 b5 32.cxb5 Qb6+ 33.Kh2 Qxb5 34.Rd2 Kh7 35.Qd4 Rb7 36.Rdb2 Ra6
37.Rc2 Qg5 38.Qf2 Qe5+ 39.Qg3 Qd4 40.Qe1 Rab6 41.Rcb2 Rb5 42.Kh1 h5 43.Qd2 Qxd2  1/2-1/2

[Event "ch-GBR"]
[Site "Torquay ENG"]
[Date "2002.07.29"]
[Round "1"]
[White "White,I"]
[Black "Mutton,J"]
[Result "0-1"]
[WhiteElo "2015"]
[BlackElo "2211"]

1.e4 c5 2.Nf3 d6 3.Bb5+ Bd7 4.Bxd7+ Nxd7 5.O-O Ngf6 6.Qe2 e6 7.b3 Be7 8.Bb2 O-O
9.c4 Nh5 10.d4 Bf6 11.e5 Be7 12.exd6 Bxd6 13.Ne5 Nf4 14.Qe4 cxd4 15.Bxd4 Qh4
16.Kh1 f5 17.Qe3 Nxe5 18.Bxe5 Bxe5 19.Qxe5 Rf6 20.g3 Qh3  0-1

[Event "ch-GBR"]
[Site "Torquay ENG"]
[Date "2002.07.29"]
[Round "1"]
[White "Quek Suan Shiau"]
[Black "Jones,RS"]
[Result "1/2-1/2"]
[WhiteElo "2268"]
[BlackElo "2234"]

1.e4 c5 2.Nf3 d6 3.Bb5+ Bd7 4.Bxd7+ Qxd7 5.O-O Nf6 6.Re1 Nc6 7.c3 e6 8.d4 cxd4
9.Nxd4 Be7 10.Na3 O-O 11.Nac2 Rac8 12.Nxc6 Qxc6 13.Nd4 Qa6 14.Qe2 Qxe2  1/2-1/2

[Event "It"]
[Site "Montreal CAN"]
[Date "2002.07.30"]
[Round "6"]
[White "Degraeve,JM"]
[Black "Charbonneau,P"]
[Result "1-0"]
[WhiteElo "2586"]
[BlackElo "2422"]

1.e4 c5 2.Nf3 d6 3.Bb5+ Nd7 4.d4 Nf6 5.Nc3 cxd4 6.Qxd4 e5 7.Qd3 h6 8.Be3 Be7
9.Bc4 a6 10.a4 Qc7 11.Nd2 O-O 12.O-O Nc5 13.Bxc5 Qxc5 14.Nd5 Nxd5 15.Bxd5 Rb8
16.a5 Bd7 17.Rfd1 Kh8 18.Nc4 Bb5 19.Qe3 Rbc8 20.Qxc5 Rxc5 21.Ne3 Bg5 22.Nf5 Rxc2
23.Nxd6 Rxb2 24.Nxf7+ Kh7 25.Ra2 Rxa2 26.Nxg5+ hxg5 27.Bxa2 Bc6 28.Bd5 Rc8
29.f3 Kg6 30.Kf2 Kf6 31.Rc1 Ke7 32.Bxc6 Rxc6 33.Rb1 Rc7 34.Rb6 g4 35.fxg4 Kf8
36.g5 Rc5 37.g6 Rxa5 38.Rxb7 Ra2+ 39.Kf3 Ra3+ 40.Kg4 Ra2 41.Kf5 Rf2+ 42.Kxe5 Rf6
43.Rf7+ Rxf7 44.gxf7 Kxf7 45.h4 a5 46.h5 a4 47.Kd4 Ke6 48.g4 Kf6 49.Kc3  1-0

[Event "2nd Summer Open"]
[Site "Savaria HUN"]
[Date "2002.07.30"]
[Round "7"]
[White "Balint,A"]
[Black "Gruskovnjak,T"]
[Result "1-0"]
[WhiteElo "2249"]
[BlackElo "2282"]

1.e4 c5 2.Nf3 d6 3.Bb5+ Bd7 4.Bxd7+ Qxd7 5.O-O Nc6 6.Qe2 Nf6 7.Rd1 e6 8.d4 cxd4
9.Nxd4 Be7 10.c4 Nxd4 11.Rxd4 Qc6 12.Nc3 O-O 13.b3 Nd7 14.Bb2 Bf6 15.Rd2 Rad8
16.Rad1 Nc5 17.Qg4 Be5 18.b4 f5 19.exf5 exf5 20.Qh3 Ne6 21.Nd5 Qxc4 22.Ne7+ Kf7
23.Nxf5 Bxb2 24.Rxb2 h6 25.Qg3 Qc6 26.Re2 Qb5 27.Qf3 Qxb4 28.Qd5 Rfe8 29.Nxd6+ Rxd6
30.Qxd6 Qg4 31.Rde1 Nf4 32.Re7+ Rxe7 33.Qxe7+ Kg8 34.Qe8+ Kh7 35.Qe4+ Kg8
36.g3  1-0

[Event "6th Open"]
[Site "Korinthos GRE"]
[Date "2002.07.31"]
[Round "9"]
[White "Markidis,K"]
[Black "Moshina,C"]
[Result "1/2-1/2"]
[WhiteElo "2362"]
[BlackElo "2271"]

1.e4 c5 2.Nf3 d6 3.Bb5+ Nd7 4.d4 cxd4 5.Qxd4 Nf6 6.Nc3 a6 7.Bc4 e6 8.a4 Be7
9.O-O O-O 10.b3 Qb6 11.Qd1 Ng4 12.Bg5 Ndf6 13.h3 Ne5 14.Nxe5 dxe5 15.Qf3 h6
16.Bh4 Qc7 17.Nd1 Bd7 18.Bd3 Bc6 19.Qe2 Rad8 20.Nb2 Rd4 21.c3 Rdd8 22.Bg3 Nd7
23.Rfd1 Kh8 24.Kh1 f5 25.f3 f4 26.Bf2 Bc5 27.Nc4 b5 28.axb5 Bxb5 29.Rac1 Bxf2
30.Qxf2 Nc5 31.Bc2 Nxb3 32.Bxb3 Bxc4 33.Qa2 Bxb3 34.Qxb3 Qc6 35.Ra1 Rxd1+
36.Rxd1 Rc8 37.Qa3  1/2-1/2

[Event "4th Stage Russian Cup"]
[Site "Samara RUS"]
[Date "2002.07.31"]
[Round "6"]
[White "Frolov,D"]
[Black "Loginov,Va"]
[Result "0-1"]
[WhiteElo "2459"]
[BlackElo "2526"]

1.e4 c5 2.Nf3 d6 3.Bb5+ Bd7 4.Bxd7+ Qxd7 5.c4 Nc6 6.Nc3 g6 7.d4 cxd4 8.Nxd4 Bg7
9.Nde2 Nf6 10.f3 O-O 11.O-O Rfc8 12.Bg5 Qd8 13.Qd2 a6 14.Be3 Rab8 15.Rad1 Nd7
16.b3 b5 17.cxb5 axb5 18.Rc1 Nc5 19.Bxc5 dxc5 20.Qxd8+ Nxd8 21.Rfd1 Nc6 22.Rd7 Kf8
23.Kf2 Ke8 24.Rdd1 Nb4 25.a3 Nc6 26.Nd5 e6 27.Ne3 Na5 28.Rb1 b4 29.axb4 Rxb4
30.Nc2 Rxb3 31.Rxb3 Nxb3 32.f4 c4 33.e5 Bf8 34.Nc3 Nc5 35.Rd4 Nb3 36.Rd1 Be7
37.Kf3 f6 38.exf6 Bxf6 39.Ne4 Be7 40.Nd6+ Bxd6 41.Rxd6 Ke7 42.Rd1 Rc5 43.Ke4 g5
44.fxg5 Rxg5 45.Ne3 Rc5 46.g4 h5 47.gxh5 Rxh5 48.Rh1 Rh4+ 49.Kf3 Nd4+ 50.Kg3 Re4
51.Kf2 Rf4+ 52.Kg2 c3 53.Rc1 Nb5 54.Nd1 Rc4 55.Kf3 Kd6 56.Ke3 Kc5 57.Nf2 Rh4
58.Kd3 Rd4+ 59.Ke3 Kc4 60.Ne4 Rd3+ 61.Kf4 Kd4 62.Ng5 e5+ 63.Kf5 Kd5 64.h4 Nd4+
65.Kg6 c2 66.h5 Rd1 67.Rxc2 Nxc2  0-1

[Event "4th Stage Russian Cup"]
[Site "Samara RUS"]
[Date "2002.07.31"]
[Round "6"]
[White "Alavkin,A"]
[Black "Matveeva,S"]
[Result "1-0"]
[WhiteElo "2498"]
[BlackElo "2448"]

1.e4 c5 2.Nf3 d6 3.Bb5+ Bd7 4.Bxd7+ Qxd7 5.c4 Nc6 6.Nc3 g6 7.d4 cxd4 8.Nxd4 Bg7
9.Be3 Nf6 10.f3 O-O 11.O-O Nxd4 12.Bxd4 Rfe8 13.Qd2 Qc6 14.b3 a6 15.Rac1 Rac8
16.Kh1 Nd7 17.Bxg7 Kxg7 18.Nd5 f6 19.Rfe1 Nb6 20.Ne3 Qc5 21.Ng4 Qh5 22.h3 Nd7
23.f4 Red8 24.Qb2 Kg8 25.Rcd1 Rc5 26.e5 fxe5 27.fxe5 dxe5 28.Rd2 Qg5 29.b4 Rcc8
30.Red1 Rxc4 31.Qb3 b5 32.Ne3  1-0

[Event "2nd Summer Open"]
[Site "Savaria HUN"]
[Date "2002.07.31"]
[Round "8"]
[White "Balint,A"]
[Black "Jovanovic,Zo2"]
[Result "0-1"]
[WhiteElo "2249"]
[BlackElo "2389"]

1.e4 c5 2.Nf3 d6 3.Bb5+ Nd7 4.O-O Nf6 5.Re1 a6 6.Bxd7+ Bxd7 7.e5 dxe5 8.Nxe5 e6
9.d4 Bc6 10.Nxc6 bxc6 11.Be3 cxd4 12.Bxd4 Be7 13.c4 O-O 14.Nc3 Qb8 15.Qf3 Qxb2
16.Qxc6 Rfc8 17.Nd5 Rxc6 18.Nxe7+ Kf8 19.Bxb2 Kxe7 20.Ba3+ Ke8 21.c5 Nd5
22.Rec1 Rb8 23.Kf1 Kd7 24.Ke1 Rb5 25.Rab1 Rc8 26.Kd2 Rcb8 27.Rxb5 Rxb5 28.Kc2 Kc6
29.Rd1 e5 30.Rd3 Rb7 31.g3 f6 32.Rd1 h5 33.Kd3 Rd7 34.Rb1 Nc7+ 35.Ke4 Nb5
36.Bb4 g6 37.a4 Rd4+ 38.Ke3 Nc7 39.Ba5 Nd5+ 40.Kf3 Rxa4 41.Bd8 e4+ 42.Kg2 f5
43.Bg5 Kxc5 44.Rb8 Rb4 45.Rc8+ Kd4 46.Rc6 a5 47.Rxg6 a4 48.Bh6 a3 49.Bg7+ Kc4
50.Rc6+ Kb3 51.Rc5 Rb7 52.Bh8 Rh7 53.Bd4 Rd7 54.Bh8 Rd8 55.Bg7 f4 56.Ra5 f3+
57.Kg1 Nb4  0-1

[Event "ch-GBR"]
[Site "Torquay ENG"]
[Date "2002.07.31"]
[Round "3"]
[White "Ramesh,R"]
[Black "Ward,C"]
[Result "1/2-1/2"]
[WhiteElo "2456"]
[BlackElo "2498"]

1.e4 c5 2.Nf3 d6 3.Bb5+ Bd7 4.Bxd7+ Qxd7 5.c4 Nc6 6.Nc3 e5 7.d3 g6 8.O-O f5
9.exf5 gxf5 10.Nh4 O-O-O 11.Qh5 f4 12.Nd5 Nge7 13.Nxe7+ Bxe7 14.Nf3 Rdg8
15.Bd2 Rg6 16.Bc3 Rhg8 17.g3 Bg5 18.Nd2 fxg3 19.fxg3 Be3+ 20.Kg2 Bxd2 21.Bxd2 Nd4
22.Qh3 Rg4 23.Rae1 Qc6+ 24.Re4 h5 25.Kg1 Kb8 26.Qg2 Qa4 27.Be3 Qxa2 28.Rxg4 hxg4
29.Bxd4 cxd4 30.Qd5 Rd8 31.b4 Qd2 32.Rf8 Qe1+ 33.Kg2 Qe2+ 34.Kg1 Qe1+ 35.Kg2 Qe2+
36.Kg1 Qe1+  1/2-1/2

[Event "Lost Boys Open"]
[Site "Amsterdam NED"]
[Date "2002.08.03"]
[Round "9"]
[White "Van Wessel,R"]
[Black "Bosboom,M"]
[Result "0-1"]
[WhiteElo "2360"]
[BlackElo "2451"]

1.e4 c5 2.Nf3 d6 3.Bb5+ Bd7 4.Bxd7+ Qxd7 5.c4 Nc6 6.d4 cxd4 7.Nxd4 Nf6 8.Nc3 e6
9.O-O Be7 10.Nxc6 Qxc6 11.Qd3 a6 12.Bg5 h6 13.Bh4 Rc8 14.Rac1 Qxc4 15.Qf3 Rc6
16.g4 Qb4 17.Qe2 Qa5 18.f4 g5 19.fxg5 hxg5 20.Bg3 Nd7 21.Qf3 O-O 22.Rcd1 Ne5
23.Qe2 Qc5+ 24.Kh1 b5 25.Qg2 Nxg4 26.Bf4 Ne3 27.Bxe3 Qxe3 28.e5 d5 29.Rf3 Qxe5  0-1

[Event "XII Open"]
[Site "Pobla de Lillet ESP"]
[Date "2002.08.03"]
[Round "2"]
[White "Pascual Genoves,M"]
[Black "Abreu,A"]
[Result "1/2-1/2"]
[WhiteElo "2090"]
[BlackElo "2454"]

1.e4 c5 2.Nf3 d6 3.Bb5+ Bd7 4.Bxd7+ Qxd7 5.O-O Nc6 6.b3 Nf6 7.Qe2 e6 8.Bb2 Be7
9.d4 cxd4 10.Nxd4 O-O 11.c4 a6 12.Nd2 b5 13.Nxc6 Qxc6 14.Rac1 bxc4 15.Rxc4 Qb5
16.a4 Qb7 17.Rfc1 Rfc8 18.Qf3 Rxc4 19.Rxc4 Rc8 20.Qc3 Rxc4 21.Qxc4 h6 22.h3 d5
23.exd5 Nxd5 24.Nf3 Nb6  1/2-1/2

[Event "It"]
[Site "Stockholm SWE"]
[Date "2002.08.03"]
[Round "1"]
[White "Carlsson,P"]
[Black "Gritsak,O"]
[Result "1/2-1/2"]
[WhiteElo "2400"]
[BlackElo "2542"]

1.e4 c5 2.Nf3 d6 3.Bb5+ Bd7 4.Bxd7+ Qxd7 5.O-O Nf6 6.e5 dxe5 7.Nxe5 Qc8 8.d4 e6
9.Bg5 Be7 10.Nc3 O-O 11.Bxf6 Bxf6 12.Ne4 Be7 13.d5 exd5 14.Qxd5 Nc6 15.Nxc6 bxc6
16.Qe5 Re8 17.Rfe1 Bf8 18.Qh5 Qe6 19.Re3 Qd5 20.Qe2 Re6 21.Nc3 Rxe3  1/2-1/2

[Event "ch-GBR"]
[Site "Torquay ENG"]
[Date "2002.08.03"]
[Round "6"]
[White "Shaw,D"]
[Black "Tan,D"]
[Result "1/2-1/2"]
[WhiteElo "2190"]
[BlackElo "2292"]

1.e4 c5 2.Nf3 d6 3.Bb5+ Bd7 4.Bxd7+ Qxd7 5.O-O Nc6 6.c4 Nf6 7.Nc3 g6 8.b3 Bg7
9.Re1 O-O 10.Bb2 Ne8 11.Na4 Bxb2 12.Nxb2 e5 13.d3 Nc7 14.Qd2 Kg7 15.Nd1  1/2-1/2

[Event "6th Open"]
[Site "Genova ITA"]
[Date "2002.08.04"]
[Round "2"]
[White "Simeoni,M"]
[Black "Sautto,D"]
[Result "1/2-1/2"]
[WhiteElo "2048"]
[BlackElo "2097"]

1.e4 c5 2.Nf3 d6 3.Bb5+ Nc6 4.d4 cxd4 5.Qxd4 Bd7 6.Bxc6 Bxc6 7.Nc3 e5 8.Qd3 Be7
9.Be3 Nf6 10.O-O-O Qa5 11.Bg5 Rd8 12.h4 Qc5 13.Be3 Qb4 14.a3 Qa5 15.Bg5 Qc5
16.Be3 Qa5 17.Bg5  1/2-1/2

[Event "XII Open"]
[Site "Pobla de Lillet ESP"]
[Date "2002.08.04"]
[Round "3"]
[White "Velicka,P"]
[Black "Sulypa,A"]
[Result "1/2-1/2"]
[WhiteElo "2435"]
[BlackElo "2505"]

1.e4 c5 2.Nf3 d6 3.Bb5+ Nd7 4.d4 cxd4 5.Qxd4 Nf6 6.O-O e5 7.Qd3 h6 8.c4 Be7
9.Nc3 O-O 10.Bxd7 Bxd7 11.Rd1 Rc8 12.b3 a6 13.a4 Qb6 14.a5 Qd8 15.Be3 Be6
16.Nd2 Kh8 17.Nf1 Qe8 18.Ng3 Ng4 19.Bb6 g6 20.Nd5 Bxd5 21.Qxd5 Qc6 22.f3 Qxd5
23.Rxd5 Nf6 24.Rdd1 Nd7 25.Be3 Kg7 26.Ne2 f5 27.Nc3 Rf7 28.Kf1 Nc5 29.Bxc5 Rxc5
30.Ke2 Rf8 31.Rd5 Rfc8 32.Rxc5 Rxc5 33.Kd3 Kf7 34.b4 Rc8 35.Nd5 Bd8 36.Kc3 Ke6
37.Kb3 Bg5 38.Re1 h5 39.Re2 Bd8 40.Nc3 Bg5 41.Na4 Rf8 42.Nb2 Bf4 43.h3 Bh2
44.Nd3 Bg1 45.exf5+ gxf5 46.Nf4+ Kd7 47.Nd5 Ke6 48.Kc3 h4 49.Nc7+ Kd7 50.Nd5 Ke6
51.Nc7+  1/2-1/2

[Event "ch-GBR"]
[Site "Torquay ENG"]
[Date "2002.08.05"]
[Round "7"]
[White "Sandipan,C"]
[Black "Littlewood,P"]
[Result "1-0"]
[WhiteElo "2507"]
[BlackElo "2401"]

1.e4 c5 2.Nf3 d6 3.Bb5+ Bd7 4.Bxd7+ Qxd7 5.c4 g6 6.d4 Bg7 7.d5 Nf6 8.Nc3 O-O
9.h3 e5 10.O-O Na6 11.a3 Ne8 12.Rb1 Rc8 13.Qd3 f5 14.b4 b6 15.Re1 h6 16.b5 Nb8
17.a4 Nf6 18.Bd2 fxe4 19.Nxe4 Nxe4 20.Qxe4 Qf5 21.Rbd1 Nd7 22.Bc3 Rce8 23.a5 Nf6
24.Qxf5 gxf5 25.Nd2 Nh5 26.Ra1 Bf6 27.axb6 axb6 28.Ra7 Nf4 29.Kf1 Rf7 30.Rea1 Rb8
31.g4 Nxh3 32.Rxf7 Kxf7 33.gxf5 Ng5 34.Ra7+ Kf8 35.f4 Nf7 36.Ne4 Bd8 37.fxe5 dxe5
38.f6 h5 39.Kg2 Rc8 40.Rxf7+ Kxf7 41.Nd6+ Kxf6 42.Nxc8 Kf5 43.Nd6+ Kf4 44.Nf7 Bf6
45.d6 Ke4 46.Bxe5  1-0

[Event "6th HZ Open"]
[Site "Vlissingen NED"]
[Date "2002.08.05"]
[Round "3"]
[White "Glek,I"]
[Black "Lappage,J"]
[Result "1-0"]
[WhiteElo "2590"]
[BlackElo "2189"]

1.e4 c5 2.Nf3 d6 3.Bb5+ Bd7 4.Bxd7+ Qxd7 5.O-O Nc6 6.c3 e6 7.d4 Nf6 8.d5 exd5
9.exd5 Ne7 10.Re1 O-O-O 11.c4 g6 12.Nc3 Bg7 13.Rb1 Ng4 14.Bf4 Bxc3 15.bxc3 h6
16.Qb3 Qc7 17.h3 Nf6 18.Ne5 Nf5 19.Nc6 bxc6 20.Qa4 Rde8 21.Rxe8+ Rxe8 22.dxc6 Ne7
23.Qa6+ Kd8 24.Rb7 Qxc6 25.Qxa7  1-0

[Event "Valoz Cup"]
[Site "Olomouc CZE"]
[Date "2002.08.06"]
[Round "7"]
[White "Hasangatin,R"]
[Black "Starostits,I"]
[Result "1/2-1/2"]
[WhiteElo "2517"]
[BlackElo "2442"]

1.e4 c5 2.Nf3 d6 3.Bb5+ Nc6 4.d4 cxd4 5.Qxd4 Bd7 6.Bxc6 Bxc6 7.Nc3 Nf6 8.Bg5 e6
9.O-O-O Be7 10.Rhe1 O-O 11.Qd2 Qa5 12.Kb1 Qa6 13.Nd4 Rfc8 14.f3 b5 15.g4 b4
16.Nce2 Ba4 17.h4  1/2-1/2

[Event "It"]
[Site "Sudak UKR"]
[Date "2002.08.06"]
[Round "6"]
[White "Kuzmin,G"]
[Black "Karjakin,Sergey"]
[Result "1/2-1/2"]
[WhiteElo "2512"]
[BlackElo "2523"]

1.e4 c5 2.Nf3 d6 3.Bb5+ Bd7 4.Bxd7+ Qxd7 5.O-O Nc6 6.c4 g6 7.d4 cxd4 8.Nxd4 Bg7
9.Nc2 Nf6 10.Nc3 O-O 11.Bg5 Rac8 12.Qd2  1/2-1/2

[Event "FSIMA August"]
[Site "Budapest HUN"]
[Date "2002.08.07"]
[Round "5"]
[White "Brustkern,J"]
[Black "Le Dinh Tuan"]
[Result "1/2-1/2"]
[WhiteElo "2293"]
[BlackElo "2361"]

1.e4 c5 2.Nf3 d6 3.Bb5+ Bd7 4.Bxd7+ Qxd7 5.O-O Nf6 6.Qe2 Nc6 7.c3 g6 8.d4 cxd4
9.cxd4 d5 10.e5 Ne4 11.Be3 Bg7 12.Ne1 f6 13.f3 Ng5 14.Qd2 Ne6 15.f4 O-O 16.Nf3 Rad8
17.Nc3 Bh6 18.h3 fxe5 19.Nxe5 Nxe5 20.fxe5 Bxe3+ 21.Qxe3 Qc6 22.Rxf8+ Rxf8
23.Rd1 b5 24.a3 a5 25.Rc1 Nf4 26.Kh2 Qc4 27.g3 Ne6 28.Ne2 Qa2 29.Rc6 Qb1
30.Rxe6 Qe1 31.Rf6 exf6 32.exf6  1/2-1/2

[Event "6th HZ Open"]
[Site "Vlissingen NED"]
[Date "2002.08.07"]
[Round "5"]
[White "Glek,I"]
[Black "Kohlweyer,B"]
[Result "1-0"]
[WhiteElo "2590"]
[BlackElo "2452"]

1.e4 c5 2.Nf3 d6 3.Bb5+ Nd7 4.d4 Nf6 5.Nc3 cxd4 6.Qxd4 g6 7.Bg5 Bg7 8.O-O-O O-O
9.e5 dxe5 10.Nxe5 Qa5 11.Nc4 Qc7 12.Bf4 Qc5 13.Be5 b6 14.Bxd7 Bh6+ 15.Kb1 Nxd7
16.Nd5 Nxe5 17.Qxe5 e6 18.Nf6+ Kh8 19.Qxc5 bxc5 20.Nd7 Rd8 21.Nxc5 Rd5 22.Nb3 Kg8
23.Rxd5 exd5 24.Ne3 Bxe3 25.fxe3 Bf5 26.Re1 Rc8 27.Nd4 Be4 28.Re2 Kf8 29.Nb5 a6
30.Nd6 Rc6 31.Nxe4 dxe4 32.Rd2 Ke7 33.Rd4 f5 34.c4 g5 35.b4 Re6 36.Kc2 f4
37.Kd2 f3 38.Ke1 g4 39.Kf2 Re5 40.c5 h5 41.a4 a5 42.bxa5 Rxc5 43.Rxe4+ Kf6
44.gxf3 Rc2+ 45.Kg3 gxf3 46.h4 Rc5 47.Kxf3 Rxa5 48.Rb4 Ra8 49.Kf4 Rg8 50.Rb6+ Ke7
51.a5 Kd7 52.a6 Rg4+ 53.Kf5 Rxh4 54.e4 Rh1 55.a7 Rf1+ 56.Kg5 Ra1 57.Rh6 Ra5+
58.Kf4 Ra2 59.Rh8  1-0

[Event "Stork Young Masters"]
[Site "Hengelo NED"]
[Date "2002.08.09"]
[Round "7"]
[White "Bokros,A"]
[Black "Szeberenyi,A"]
[Result "1/2-1/2"]
[WhiteElo "2435"]
[BlackElo "2395"]

1.e4 c5 2.Nf3 d6 3.Bb5+ Bd7 4.Bxd7+ Qxd7 5.c4 Nc6 6.d4 cxd4 7.Nxd4 Nf6 8.Nc3 g6
9.O-O Bg7 10.Nde2 O-O 11.f3 Rfc8 12.Be3 Qd8 13.Qd2 a6 14.b3 Nd7 15.Rac1 Qa5
16.Rfd1 b5 17.Nd5 Qxd2 18.Bxd2 e6  1/2-1/2

[Event "XII Open"]
[Site "Pobla de Lillet ESP"]
[Date "2002.08.09"]
[Round "8"]
[White "Pascual Genoves,M"]
[Black "Sulypa,A"]
[Result "0-1"]
[WhiteElo "2090"]
[BlackElo "2505"]

1.e4 c5 2.Nf3 d6 3.Bb5+ Nd7 4.c3 Nf6 5.Qe2 a6 6.Ba4 e5 7.O-O Be7 8.d4 b5
9.Bc2 O-O 10.Nbd2 Qc7 11.dxe5 dxe5 12.a4 Bb7 13.b3 Nh5 14.g3 g6 15.Re1 Bc6
16.axb5 axb5 17.Bb2 Rae8 18.Nf1 Qb7 19.N3d2 Ng7 20.Rad1 f5 21.f3 f4 22.Kg2 h5
23.Ra1 Ne6 24.Bd3 fxg3 25.hxg3 h4  0-1

[Event "ch-AUT"]
[Site "Oberpullendorf AUT"]
[Date "2002.08.11"]
[Round "2"]
[White "Neubauer,M"]
[Black "Wukits,R"]
[Result "1/2-1/2"]
[WhiteElo "2393"]
[BlackElo "2293"]

1.e4 c5 2.Nf3 d6 3.Bb5+ Bd7 4.Bxd7+ Qxd7 5.c4 Nc6 6.d4 cxd4 7.Nxd4 g6 8.Nc3 Bg7
9.Nde2 Nf6 10.O-O O-O 11.f3 a6 12.a4 e6 13.Bg5 h6 14.Bh4 Rfe8 15.b3 Rad8
16.f4 Qc7 17.Kh1 Qa5 18.f5 g5 19.Be1 Qb6 20.Ng3 Ne5 21.Bf2 Qa5 22.Rc1 Rf8
23.Be3 d5 24.cxd5 exd5 25.exd5 Nxd5 26.Nxd5 Rxd5 27.Qh5 Nd7 28.Rfd1 Nf6 29.Rxd5  1/2-1/2

[Event "GPA Open"]
[Site "Ontario CAN"]
[Date "2002.08.11"]
[Round "9"]
[White "Degraeve,JM"]
[Black "Peredun,A"]
[Result "1/2-1/2"]
[WhiteElo "2586"]
[BlackElo "2283"]

1.e4 c5 2.Nf3 d6 3.Bb5+ Nd7 4.d4 cxd4 5.Qxd4 Nf6 6.Nc3 e6 7.Bg5 Be7 8.O-O-O O-O
9.Bxd7 Bxd7 10.e5 dxe5 11.Nxe5 Bc6 12.Nxc6 bxc6 13.Qxd8 Rfxd8 14.f3 h6 15.Bd2 Nd5
16.Ne4 Nb6 17.b3 Nc4 18.c3 Nxd2 19.Rxd2 f5 20.Rxd8+ Rxd8 21.Nd2 Bg5 22.Rd1 Rd3
23.Kc2 Re3 24.g3 Re2 25.f4 Bf6 26.Rh1 g5 27.Kd3 Rf2 28.fxg5 hxg5 29.a4 g4
30.b4 a6 31.c4 Bg5 32.Nb3 Rf3+ 33.Kc2 Rf2+ 34.Kd3 Rf3+ 35.Kc2 Rf2+  1/2-1/2

[Event "ADCF Masters"]
[Site "Abu Dhabi UAE"]
[Date "2002.08.15"]
[Round "4"]
[White "Janahi,Z"]
[Black "Dobrov,V"]
[Result "1/2-1/2"]
[WhiteElo "2191"]
[BlackElo "2443"]

1.e4 c5 2.Nf3 d6 3.Bb5+ Nc6 4.O-O Bd7 5.Re1 Nf6 6.c3 a6 7.Bf1 Bg4 8.d3 e6
9.Be2 Be7 10.Ng5 Bxe2 11.Qxe2 d5 12.f4 h6 13.Nf3 c4 14.e5 cxd3 15.Qxd3 Ne4
16.Be3 O-O 17.Nd4 Qd7 18.Nd2 Nc5 19.Qe2 f5 20.exf6 Bxf6 21.g3 Rac8 22.Nxc6 Qxc6
23.Bd4 Kh8 24.Qe3 Qb5 25.Bxc5 Rxc5 26.Nb3 d4 27.Qf2 Rc4 28.Nxd4 Bxd4 29.cxd4 Rfc8
30.Re2 Qd5 31.Rae1 Rc1 32.b3 R8c3 33.Rxc1 Rxc1+ 34.Re1 Rxe1+ 35.Qxe1 Qxd4+
36.Qf2 Qe4 37.Qd2 b5 38.Kf2 b4 39.Qe2 Qd4+ 40.Qe3 Qd5 41.Qf3 Qd6 42.Ke2 Kg8
43.Qd3 Qc6 44.Kd2 Kf7 45.Qe3 Qd5+ 46.Qd3 Qg2+ 47.Qe2 Qc6 48.Qe3 Qd5+ 49.Qd3 Qa5
50.Qd7+ Kf6 51.Qd4+ Kf5 52.Ke3 Kg6 53.Qd3+  1/2-1/2